000 00738nam a2200205 4500
001 143563
003 ES-MaACL
005 20230906200839.0
007 t|
008 070214s1984 sp r ||||1| spa d
100 1 _aService, Elman R.
_9105866
245 1 4 _aLos orígenes del Estado y de la civilización
_b: el proceso de la evolución cultural /
_cElman R. Service ; versión... de Mari-Carmen Ruiz de Elvira Hidalgo.
260 _aMadrid :
_bAlianza,
_c1984 (
_fH. de E. Minuesa)
300 _a386 p. ;
_c23 cm.
490 1 _aAlianza Editorial textos
700 1 _aRuiz de Elvira Hidalgo, María-Carmen.
_9100738
830 0 _aAlianza Editorial textos
_9220580
852 _aES-MaACL
_jL-6528
_bR.107184
999 _c143563
_d143563